01200 a2200229 4500003000800000005001700008008004100025040002600066041000800092100002100100245032200121260004300443300002400486502016500510504004200675650003600717650003000753650003300783700003800816700003700854830007900891DO-SdUA20250325093543.0 s2022 dr a|| |||| 0 |a||0|spa d aDO-SdUAbspacDO-SdUA0 aspa1 aÁvila, Celenia10aFactores que influyen en el desarrollo de habilidades motoras finas de los niños del segundo ciclo del nivel inicial, grado pre primario "B" DE La Escuela Básica Sergio Augusto Beras, de San Pedro de Macorís, año 2021-2022 /cÁvila, Celenia, Iris Magdalena Adrián Guzmán, Nurys Andreina Silvestre Mateo. aSan Pedro de Macorís :bUASD,c2022. a[10], 82, h. :bil. aTesis y trabajo de grado (Especialidad en los Procesos Pedagógicos del Nivel Inicial) --Universidad Autónoma de Santo Domingo, San Pedro de Macorís, 2022. aIncluye referencias bibliográficas. 72lembaAptitud motora en niños 72lembaDesarrollo infantil 72lembaEducación preescolar1 aAdrián Guamán Iris Magdalena 1 aSilvestre Mateo, Nurys Andreina  aTesis y disertaciones acadm̌icas (Universidad Autn̤oma de Santo Domingo)